00329nam a2200133Ia 4500008004100000041000800041082001500049100001600064245003500080250001400115260004200129300001700171365000700188240624s9999 xx 000 0 und d aeng a342.54 SEE aSEERVAI H M aCONSTITUTIONAL LAW OF INDIA II a(4th ed.) c2004aDelhibUniversal Law Publishing alxiv, : 1215 cRS